Statistics for The U.S. Pledge of Allegiance - 30 Second Sprint

Click here to take the quiz!

General Stats

  • This quiz has been taken 47 times
  • The average score is 27 of 31

Answer Stats

Word % Correct
I
100%
United
100%
Pledge
100%
Republic
100%
America
100%
States
100%
for
100%
of
100%
to
100%
Flag
100%
all
100%
the
100%
and
91%
which
91%
stands
91%
one
91%
Allegiance
82%
it
82%
Nation
82%
under
73%
God
73%
indivisible
55%
with
55%
liberty
36%
justice
27%

Score Distribution

Percentile by Number Answered

Percent of People with Each Score

Your Score History

You have not taken this quiz